[Event "TORNEIO DE XADREZ DE NATAL - CMIL 2018"]
[Site "AV. RIO BRANCO 251 - 4º ANDAR - CENTRO - RIO DE JANEIRO - RJ"]
[Date "2018.11.22"]
[Round "1"]
[Board "1"]
[White "Ronaldo G. Cabral, "]
[Black "Guilherme Calmbach, "]
[Result "1/2-1/2"]
[WhiteElo "2218"]
[BlackElo "1900"]
[PlyCount "23"]
[EventDate "2018.11.22"]
[EventRounds "6"]
[EventCountry "BRA"]

1. e4 e5 2. d4 exd4 3. Qxd4 c5 4. Qe3 Nf6 5. Nc3 d6 6. Bd2 a6 7. O-O-O Nc6 8.
Qg3 Be6 9. f4 Qa5 10. a3 b5 11. Nd5 Nxe4 12. Bxa5  1/2-1/2

[Event "TORNEIO DE XADREZ DE NATAL - CMIL 2018"]
[Site "AV. RIO BRANCO 251 - 4º ANDAR - CENTRO - RIO DE JANEIRO - RJ"]
[Date "2018.11.22"]
[Round "1"]
[Board "2"]
[White "J. Eudes de Oliveira, "]
[Black "Juarez A. de C. Lima, "]
[Result "0-1"]
[WhiteElo "1900"]
[BlackElo "2193"]
[PlyCount "64"]
[EventDate "2018.11.22"]
[EventRounds "6"]
[EventCountry "BRA"]

1. d4 d5 2. Nf3 Nc6 3. c3 Nf6 4. Bg5 e6 5. Nbd2 Be7 6. e3 O-O 7. Bd3 h6 8. Bh4
Nd7 9. Bxe7 Qxe7 10. O-O e5 11. dxe5 Ndxe5 12. Nd4 Nxd3 13. N2f3 Nxb2 14. Qb3
Nc4 15. Qb5 Nxd4 16. exd4 c6 17. Rfe1 Qxe1+ 18. Rxe1 cxb5 19. h3 Be6 20. h4 a5
21. g3 b4 22. Rc1 Ra6 23. Ne1 Rb6 24. Nd3 Bg4 25. Nc5 bxc3 26. Kg2 Rb2 27. Nd3
Rxa2 28. Rxc3 Re8 29. Nc1 Rd2 30. Nb3 Rd1 31. Nc1 Ree1 32. f3 Rd2+  0-1

[Event "TORNEIO DE XADREZ DE NATAL - CMIL 2018"]
[Site "AV. RIO BRANCO 251 - 4º ANDAR - CENTRO - RIO DE JANEIRO - RJ"]
[Date "2018.11.22"]
[Round "1"]
[Board "4"]
[White "Edvaldo O. Farias, "]
[Black "Wagner S. Morais, "]
[Result "0-1"]
[WhiteElo "1890"]
[BlackElo "2088"]
[PlyCount "70"]
[EventDate "2018.11.22"]
[EventRounds "6"]
[EventCountry "BRA"]

1. e4 c5 2. Nf3 d6 3. Nc3 Nf6 4. Bc4 Nc6 5. a3 Bg4 6. O-O Nd4 7. Be2 Nxe2+ 8.
Qxe2 a6 9. d3 Nd7 10. Bf4 e6 11. h3 Bh5 12. Rfe1 Be7 13. Qe3 Qc7 14. Ne2 e5 15.
Bg5 f6 16. Bh4 g5 17. Bg3 Nf8 18. Nc3 Bf7 19. Ne2 Ng6 20. c4 Be6 21. Nc3 h5 22.
Nd5 Bxd5 23. cxd5 h4 24. Bh2 Qd7 25. Nd2 Bf8 26. Nc4 Rd8 27. Rab1 g4 28. b4 Bh6
29. f4 g3 30. Bxg3 hxg3 31. Qxg3 Nxf4 32. Nb6 Qf7 33. Nc4 Rg8 34. Qxg8+ Qxg8
35. Rb2 Nxd3  0-1

[Event "TORNEIO DE XADREZ DE NATAL - CMIL 2018"]
[Site "AV. RIO BRANCO 251 - 4º ANDAR - CENTRO - RIO DE JANEIRO - RJ"]
[Date "2018.11.22"]
[Round "1"]
[Board "6"]
[White "Celso J. D. da Silva, "]
[Black "Jorge Macario, "]
[Result "1-0"]
[WhiteElo "1838"]
[BlackElo "2025"]
[PlyCount "123"]
[EventDate "2018.11.22"]
[EventRounds "6"]
[EventCountry "BRA"]

1. e4 c6 2. d4 d5 3. e5 Bf5 4. Bd3 Bxd3 5. Qxd3 e6 6. Nf3 Nd7 7. O-O h6 8. Bd2
Qb6 9. b3 c5 10. c3 Ne7 11. Qe2 Nc6 12. Be3 Rc8 13. Nbd2 Be7 14. h3 O-O 15.
Rfd1 cxd4 16. cxd4 Rc7 17. Nf1 Rfc8 18. Qd2 Bf8 19. Ng3 Nb4 20. Bxh6 gxh6 21.
Qf4 Bg7 22. Nh5 Nf8 23. Nxg7 Kxg7 24. Qf6+ Kh7 25. Nh2 Ng6 26. h4 Rg8 27. h5
Rd7 28. Ng4 Nc2 29. hxg6+ Rxg6 30. Qf4 Kg7 31. Rac1 Nb4 32. Nf6 Rd8 33. Nh5+
Kg8 34. Rc3 Nxa2 35. Rf3 Qc7 36. Rg3 Kh7 37. Rxg6 fxg6 38. Nf6+ Kg7 39. Ng4 Rh8
40. Qf6+ Kh7 41. Qxe6 h5 42. Nf6+ Kh6 43. Nxh5 Qc2 44. Rf1 Nc3 45. Nf4 Rf8 46.
Qh3+ Kg7 47. Ne6+ Kg8 48. Nxf8 Kxf8 49. Qh8+ Kf7 50. Qf6+ Ke8 51. e6 Ne2+ 52.
Kh1 Qf5 53. Qxf5 gxf5 54. Rd1 Ke7 55. Rd3 Nf4 56. Rf3 Nxe6 57. Rxf5 Kd6 58. Rf6
a5 59. g4 b5 60. g5 Ke7 61. Rf5 Kd6 62. g6  1-0

[Event "TORNEIO DE XADREZ DE NATAL - CMIL 2018"]
[Site "AV. RIO BRANCO 251 - 4º ANDAR - CENTRO - RIO DE JANEIRO - RJ"]
[Date "2018.11.22"]
[Round "1"]
[Board "8"]
[White "Jorge Santiago, "]
[Black "J. Claide T. Barros, "]
[Result "0-1"]
[WhiteElo "1800"]
[BlackElo "1932"]
[PlyCount "46"]
[EventDate "2018.11.22"]
[EventRounds "6"]
[EventCountry "BRA"]

1. e4 c5 2. Nc3 Nc6 3. Nf3 d6 4. Nd5 e6 5. Nf4 Nf6 6. Bd3 Be7 7. c3 O-O 8. b4
cxb4 9. Rb1 bxc3 10. dxc3 b6 11. Qa4 Bd7 12. Qa6 Re8 13. c4 Bf8 14. Be3 Nb8 15.
Qa3 d5 16. e5 Bxa3 17. exf6 Qxf6 18. Nh5 Qc3+ 19. Ke2 dxc4 20. Rhc1 Qxd3+ 21.
Ke1 Bxc1 22. Bxc1 Ba4 23. Nf4 Qd1#  0-1

[Event "TORNEIO DE XADREZ DE NATAL - CMIL 2018"]
[Site "AV. RIO BRANCO 251 - 4º ANDAR - CENTRO - RIO DE JANEIRO - RJ"]
[Date "2018.11.27"]
[Round "2"]
[Board "1"]
[White "Juarez A. de C. Lima, "]
[Black "Tarcisio D. F. Leite, "]
[Result "0-1"]
[WhiteElo "2193"]
[BlackElo "1965"]
[PlyCount "62"]
[EventDate "2018.11.22"]
[EventRounds "6"]
[EventCountry "BRA"]

1. e4 d6 2. d4 Nf6 3. Nc3 g6 4. Bd3 Bg7 5. Nge2 O-O 6. f3 e5 7. dxe5 dxe5 8.
Bg5 c6 9. Qd2 Re8 10. h4 h5 11. O-O-O Qc7 12. Rhg1 Be6 13. Kb1 Nbd7 14. Qe3 b6
15. Nc1 a5 16. Be2 a4 17. g4 Kh7 18. gxh5 Nxh5 19. Ka1 b5 20. f4 exf4 21. Qd2
b4 22. Nb1 a3 23. c3 axb2+ 24. Qxb2 bxc3 25. Nxc3 Reb8 26. Qc2 Nc5 27. Bxh5
Nb3+ 28. Nxb3 Bxb3 29. Qg2 Rxa2+ 30. Qxa2 Bxa2 31. Rc1 Qa7  0-1

[Event "TORNEIO DE XADREZ DE NATAL - CMIL 2018"]
[Site "AV. RIO BRANCO 251 - 4º ANDAR - CENTRO - RIO DE JANEIRO - RJ"]
[Date "2018.11.27"]
[Round "2"]
[Board "3"]
[White "Wagner S. Morais, "]
[Black "Celso J. D. da Silva, "]
[Result "1-0"]
[WhiteElo "2088"]
[BlackElo "1838"]
[PlyCount "89"]
[EventDate "2018.11.22"]
[EventRounds "6"]
[EventCountry "BRA"]

1. c4 e5 2. Nc3 Nf6 3. Nf3 Nc6 4. g3 d5 5. cxd5 Nxd5 6. Nxd5 Qxd5 7. d3 e4 8.
dxe4 Qxd1+ 9. Kxd1 Bc5 10. e3 Bg4 11. Be2 O-O-O+ 12. Ke1 Bxf3 13. Bxf3 Nb4 14.
Ke2 h5 15. a3 Nc6 16. Bd2 Ne5 17. Bg2 g5 18. Bc3 f6 19. Rhd1 Nd7 20. Rd5 Rh7
21. Rad1 c6 22. R5d2 Rf8 23. f4 g4 24. Kf2 Rff7 25. h4 Kc7 26. Bf1 a6 27. b4
Bb6 28. a4 Ba7 29. b5 Nc5 30. Rd4 Re7 31. Bg2 Rd7 32. Rxd7+ Nxd7 33. bxa6 b6
34. Bd4 c5 35. Bc3 Nb8 36. Bxf6 Nxa6 37. e5 Rd7 38. Rd6 Nb4 39. Rxd7+ Kxd7 40.
Be4 c4 41. Bf5+ Kc6 42. e6 b5 43. axb5+ Kd6 44. e7 Bxe3+ 45. Kg2  1-0

[Event "TORNEIO DE XADREZ DE NATAL - CMIL 2018"]
[Site "AV. RIO BRANCO 251 - 4º ANDAR - CENTRO - RIO DE JANEIRO - RJ"]
[Date "2018.11.27"]
[Round "2"]
[Board "4"]
[White "Oscar S. Tiburcio, "]
[Black "Antonio M. R. Horta, "]
[Result "0-1"]
[WhiteElo "1800"]
[BlackElo "2050"]
[PlyCount "70"]
[EventDate "2018.11.22"]
[EventRounds "6"]
[EventCountry "BRA"]

1. e4 d5 2. exd5 Qxd5 3. Nc3 Qa5 4. d3 Nf6 5. Bd2 Bg4 6. Be2 Qh5 7. Bxg4 Qxg4
8. Qf3 c6 9. h3 Qc8 10. Nge2 Nbd7 11. Bf4 e5 12. Bg5 Be7 13. O-O O-O 14. Ng3 h6
15. Nf5 Re8 16. Bxh6 e4 17. dxe4 Ne5 18. Qg3 Nh5 19. Qxe5 Bf6 20. Ne7+ Rxe7 21.
Qxh5 gxh6 22. Qxh6 Re6 23. Qe3 Qd8 24. Qg3+ Bg7 25. Rad1 Qb6 26. b3 Rg6 27. Na4
Qa5 28. Qe3 b5 29. Nc3 Qxc3 30. Rd3 Qxc2 31. Rfd1 Qb2 32. Rd8+ Rxd8 33. Rxd8+
Kh7 34. Qxa7 Qc1+ 35. Kh2 Qg5  0-1

[Event "TORNEIO DE XADREZ DE NATAL - CMIL 2018"]
[Site "AV. RIO BRANCO 251 - 4º ANDAR - CENTRO - RIO DE JANEIRO - RJ"]
[Date "2018.11.27"]
[Round "2"]
[Board "5"]
[White "Jorge Macario, "]
[Black "Ronaldo G. Cabral, "]
[Result "1/2-1/2"]
[WhiteElo "2025"]
[BlackElo "2218"]
[PlyCount "57"]
[EventDate "2018.11.22"]
[EventRounds "6"]
[EventCountry "BRA"]

1. d4 Nf6 2. Nf3 b6 3. e3 e6 4. Bd3 Be7 5. Nbd2 Ba6 6. Qe2 Bxd3 7. Qxd3 d5 8.
O-O O-O 9. Re1 Nbd7 10. e4 dxe4 11. Nxe4 Nxe4 12. Rxe4 c5 13. Bf4 Nf6 14. Re2
Qc8 15. dxc5 Qxc5 16. Qd4 Rac8 17. Qxc5 Rxc5 18. Be3 Rc7 19. Bd4 Nd5 20. c3 Re8
21. Rd1 Kf8 22. Red2 f6 23. Kf1 Kf7 24. Rd3 g5 25. Ng1 h5 26. Ne2 Bd6 27. h3
Rec8 28. f3 Ke7 29. Kf2  1/2-1/2

[Event "TORNEIO DE XADREZ DE NATAL - CMIL 2018"]
[Site "AV. RIO BRANCO 251 - 4º ANDAR - CENTRO - RIO DE JANEIRO - RJ"]
[Date "2018.11.27"]
[Round "2"]
[Board "6"]
[White "Guilherme Calmbach, "]
[Black "J. Eudes de Oliveira, "]
[Result "0-1"]
[WhiteElo "1900"]
[BlackElo "1900"]
[PlyCount "76"]
[EventDate "2018.11.22"]
[EventRounds "6"]
[EventCountry "BRA"]

1. e4 c5 2. Nc3 d6 3. Bc4 Nf6 4. Nf3 e6 5. d4 cxd4 6. Nxd4 Be7 7. O-O O-O 8.
Be3 a6 9. a4 Qc7 10. Bd3 Nc6 11. Nxc6 Qxc6 12. f4 Bd7 13. e5 Ne8 14. Qh5 f5 15.
exf6 Nxf6 16. Qf3 Qxf3 17. Rxf3 Ng4 18. Bd2 d5 19. Nd1 e5 20. fxe5 Rxf3 21.
gxf3 Nxe5 22. Be2 Rf8 23. Kg2 Rf6 24. Nf2 Nc4 25. Bc1 Bc5 26. Bxc4 dxc4 27. Ne4
Rg6+ 28. Kf1 Bh3+ 29. Ke2 Rg2+ 30. Kd1 Be7 31. Ra3 Bxa3 32. bxa3 Rxh2 33. Nd6
Bd7 34. Nxb7 c3 35. Bf4 Rh1+ 36. Ke2 Bxa4 37. Kd3 Rf1 38. Ke2 Bb5+  0-1

[Event "TORNEIO DE XADREZ DE NATAL - CMIL 2018"]
[Site "AV. RIO BRANCO 251 - 4º ANDAR - CENTRO - RIO DE JANEIRO - RJ"]
[Date "2018.11.27"]
[Round "2"]
[Board "9"]
[White "Jose Henrique Mangini, "]
[Black "Salomão Rovedo,"]
[Result "1/2-1/2"]
[WhiteElo "1800"]
[BlackElo "1836"]
[PlyCount "84"]
[EventDate "2018.11.22"]
[EventRounds "6"]
[EventCountry "BRA"]

1. d4 d5 2. Nf3 Nf6 3. h3 h6 4. Nc3 Bf5 5. e3 e6 6. Bd3 c6 7. a4 Nbd7 8. O-O
Bd6 9. Re1 O-O 10. Bxf5 exf5 11. Ne2 Ne4 12. b3 Bb4 13. Bd2 Nxd2 14. Nxd2 Qa5
15. c3 Bxc3 16. Nxc3 Qxc3 17. Nf3 Rfe8 18. Nh4 f4 19. Rc1 Qb4 20. Qg4 Qd6 21.
Nf5 Qf6 22. Qxf4 Re4 23. Qf3 Nf8 24. g4 Ne6 25. Qg3 Ng5 26. h4 Nh7 27. f3 Re6
28. Rcd1 Kh8 29. Qc7 Rae8 30. e4 dxe4 31. Rxe4 Rxe4 32. fxe4 Qe6 33. Qe5 Nf6
34. g5 hxg5 35. Rd3 Qd7 36. Qg3 Rxe4 37. Qb8+ Ng8 38. hxg5 Rg4+ 39. Ng3 Rxg5
40. Kf2 Rg6 41. Qe5 Nf6 42. Kg2 Qd5+  1/2-1/2

[Event "TORNEIO DE XADREZ DE NATAL - CMIL 2018"]
[Site "AV. RIO BRANCO 251 - 4º ANDAR - CENTRO - RIO DE JANEIRO - RJ"]
[Date "2018.11.29"]
[Round "3"]
[Board "1"]
[White "Tarcisio D. F. Leite, "]
[Black "Wagner S. Morais, "]
[Result "1/2-1/2"]
[WhiteElo "1965"]
[BlackElo "2088"]
[PlyCount "125"]
[EventDate "2018.11.22"]
[EventRounds "6"]
[EventCountry "BRA"]

1. e4 c5 2. Nf3 d6 3. Bb5+ Nd7 4. d4 cxd4 5. Qxd4 e5 6. Qd3 a6 7. Bxd7+ Bxd7 8.
c4 h6 9. Nc3 Nf6 10. O-O Be6 11. b3 Be7 12. Ne1 g5 13. Nc2 Qc7 14. Ne3 Qc6 15.
a4 Rd8 16. Ba3 O-O 17. Rfd1 Rd7 18. Rd2 Rfd8 19. Rad1 Kg7 20. Ncd5 Bf8 21. Nxf6
Kxf6 22. Nd5+ Bxd5 23. Qxd5 Qxd5 24. Rxd5 Ke6 25. f3 Be7 26. Kf2 b6 27. h3 Rc8
28. R1d2 Rc6 29. Ke2 Rdc7 30. Bb4 Rc8 31. Kd3 Rf8 32. Ke2 f5 33. R2d3 h5 34.
Bd2 a5 35. Be3 Rg8 36. g4 fxe4 37. fxe4 hxg4 38. hxg4 Rh8 39. Kf3 Rh3+ 40. Kg2
Rh4 41. Kg3 Rh1 42. Rd1 Rxd1 43. Rxd1 Bd8 44. Rh1 Kf6 45. Rh5 Kg6 46. Rh8 Be7
47. Rb8 Kf7 48. Bxb6 d5 49. exd5 Rf6 50. Bxa5 e4 51. Rb7 Rf3+ 52. Kg2 Kf6 53.
Bd2 Bc5 54. Be1 Rf4 55. Bc3+ Kg6 56. b4 Rf2+ 57. Kh1 Be3 58. Rg7+ Kh6 59. Re7
Rf4 60. d6 Rf1+ 61. Kg2 Rf2+ 62. Kh1 Rf1+ 63. Kg2  1/2-1/2

[Event "TORNEIO DE XADREZ DE NATAL - CMIL 2018"]
[Site "AV. RIO BRANCO 251 - 4º ANDAR - CENTRO - RIO DE JANEIRO - RJ"]
[Date "2018.11.29"]
[Round "3"]
[Board "2"]
[White "J. Claide T. Barros, "]
[Black "Antonio M. R. Horta, "]
[Result "0-1"]
[WhiteElo "1932"]
[BlackElo "2050"]
[PlyCount "74"]
[EventDate "2018.11.22"]
[EventRounds "6"]
[EventCountry "BRA"]

1. e4 d5 2. exd5 Nf6 3. Nf3 Qxd5 4. Nc3 Qh5 5. d4 Bg4 6. Be2 e6 7. Bf4 Bd6 8.
Qd2 Bb4 9. a3 Bxc3 10. bxc3 Qa5 11. c4 Qxd2+ 12. Bxd2 Nc6 13. c3 Ne4 14. d5 Na5
15. Rb1 O-O-O 16. Ne5 Bxe2 17. Kxe2 Nxd2 18. Kxd2 Rhf8 19. Rb5 b6 20. Kc2 f6
21. dxe6 Rde8 22. Nd7 Rg8 23. Re1 Nxc4 24. Kb3 Nd6 25. Rd5 Re7 26. c4 Rge8 27.
c5 Nb7 28. cxb6 axb6 29. Red1 Rxe6 30. Kb4 Rd8 31. f3 Re7 32. Nxb6+ cxb6 33.
Rc1+ Rc7 34. Rcd1 Rxd5 35. Rxd5 Rd7 36. Kc4 Rxd5 37. Kxd5 Kd7  0-1

[Event "TORNEIO DE XADREZ DE NATAL - CMIL 2018"]
[Site "AV. RIO BRANCO 251 - 4º ANDAR - CENTRO - RIO DE JANEIRO - RJ"]
[Date "2018.11.29"]
[Round "3"]
[Board "4"]
[White "Napoleao Rolim, "]
[Black "Juarez A. de C. Lima, "]
[Result "0-1"]
[WhiteElo "1874"]
[BlackElo "2193"]
[PlyCount "88"]
[EventDate "2018.11.22"]
[EventRounds "6"]
[EventCountry "BRA"]

1. d4 d5 2. e3 Nf6 3. f4 Bf5 4. Nf3 Nc6 5. c3 e6 6. Bb5 Bd6 7. O-O O-O 8. Nbd2
Ne7 9. Ne5 c6 10. Ba4 Ng6 11. Bc2 Ne4 12. Bxe4 dxe4 13. Ndc4 f6 14. Nxg6 Bxg6
15. Nxd6 Qxd6 16. a4 a5 17. b3 Rfd8 18. Ba3 Qd7 19. Qe2 Qf7 20. Bc5 Bh5 21. Qb2
Kh8 22. c4 Rd7 23. Qc2 Qg6 24. Qf2 h6 25. Qg3 Qxg3 26. hxg3 Be2 27. Rf2 Bd3 28.
g4 Ra6 29. g3 b6 30. Ba3 b5 31. c5 bxa4 32. bxa4 Rb7 33. Rb2 Raa7 34. Raa2 Bc4
35. Rxb7 Rxb7 36. Rb2 Rb3 37. Rxb3 Bxb3 38. f5 Kg8 39. Kf2 Kf7 40. Ke2 Bxa4 41.
fxe6+ Kxe6 42. Kd2 Kd5 43. Kc3 Bd1 44. g5 fxg5  0-1

[Event "TORNEIO DE XADREZ DE NATAL - CMIL 2018"]
[Site "AV. RIO BRANCO 251 - 4º ANDAR - CENTRO - RIO DE JANEIRO - RJ"]
[Date "2018.11.29"]
[Round "3"]
[Board "6"]
[White "J. Eudes de Oliveira, "]
[Black "Oscar S. Tiburcio, "]
[Result "1/2-1/2"]
[WhiteElo "1900"]
[BlackElo "1800"]
[PlyCount "133"]
[EventDate "2018.11.22"]
[EventRounds "6"]
[EventCountry "BRA"]

1. d4 Nf6 2. Nf3 e6 3. Bg5 d5 4. Nbd2 Bd6 5. e3 Nc6 6. c3 Bd7 7. Bd3 Be7 8. O-O
h6 9. Bh4 Nh7 10. Bxe7 Nxe7 11. Ne5 O-O 12. f4 f6 13. Ng6 Nxg6 14. Bxg6 f5 15.
Bxh7+ Kxh7 16. Nf3 Be8 17. Ne5 Bb5 18. Rf3 Qf6 19. a4 Be8 20. Rh3 Rg8 21. Qc2
Bf7 22. g4 g5 23. Rg3 Rg7 24. gxf5 Qxf5 25. Qxf5+ exf5 26. fxg5 hxg5 27. Nxf7
Rxf7 28. Rxg5 Rg8 29. Rxg8 Kxg8 30. Kf2 Kg7 31. Rg1+ Kf6 32. Kf3 Rh7 33. Rg2
Rh3+ 34. Ke2 Rh4 35. b3 Ke6 36. c4 c6 37. c5 Kf6 38. Kf3 Rh3+ 39. Kf4 Rh4+ 40.
Kg3 Rh8 41. b4 Rf8 42. Kf3 Rh8 43. b5 Rh3+ 44. Kf4 Rh4+ 45. Kg3 Rh8 46. h3 Rg8+
47. Kf2 Rh8 48. Rg3 Kf7 49. Kg2 Kf6 50. Kf3 Kf7 51. Kf4 Kf6 52. Rf3 Rh4+ 53.
Kg3 Rh8 54. Rf4 Kg5 55. h4+ Kf6 56. Kh3 Kg6 57. Rf3 Kf6 58. Rg3 Kf7 59. Rg5 Kf6
60. Kg3 a6 61. bxc6 bxc6 62. a5 Re8 63. Kf3 Rh8 64. Kg3 Re8 65. Kf3 Rh8 66. Kg3
Re8 67. Kf3  1/2-1/2

[Event "TORNEIO DE XADREZ DE NATAL - CMIL 2018"]
[Site "AV. RIO BRANCO 251 - 4º ANDAR - CENTRO - RIO DE JANEIRO - RJ"]
[Date "2018.11.29"]
[Round "3"]
[Board "7"]
[White "Salomão Rovedo,"]
[Black "Jorge Macario, "]
[Result "0-1"]
[WhiteElo "1836"]
[BlackElo "2025"]
[PlyCount "80"]
[EventDate "2018.11.22"]
[EventRounds "6"]
[EventCountry "BRA"]

1. Nf3 d5 2. d3 Nf6 3. h3 c5 4. Bf4 Nc6 5. Nbd2 Bf5 6. e3 h6 7. Be2 e6 8. O-O
Bd6 9. Nb3 Bxf4 10. exf4 Qd6 11. a3 O-O-O 12. Ne5 Rdf8 13. Nxc6 Qxc6 14. Bf3 g5
15. g4 Bg6 16. Qd2 Qc7 17. Qc3 Nd7 18. d4 c4 19. Nc5 Nxc5 20. dxc5 Qxc5 21. b4
Qc7 22. f5 Bh7 23. Rad1 Rd8 24. Bxd5 exd5 25. Rxd5 Kb8 26. Rfd1 Rhe8 27. Rxd8+
Rxd8 28. Rxd8+ Qxd8 29. Qxc4 f6 30. c3 Bg8 31. Qe2 Bb3 32. Qe3 Qd1+ 33. Kh2 Qd7
34. Qg3+ Qc7 35. Qxc7+ Kxc7 36. Kg3 Bd5 37. f4 Kd6 38. h4 b5 39. h5 Bf7 40. Kf3
Kd5  0-1

[Event "TORNEIO DE XADREZ DE NATAL - CMIL 2018"]
[Site "AV. RIO BRANCO 251 - 4º ANDAR - CENTRO - RIO DE JANEIRO - RJ"]
[Date "2018.12.04"]
[Round "4"]
[Board "1"]
[White "Antonio M. R. Horta, "]
[Black "Tarcisio D. F. Leite, "]
[Result "1/2-1/2"]
[WhiteElo "2050"]
[BlackElo "1965"]
[PlyCount "80"]
[EventDate "2018.11.22"]
[EventRounds "6"]
[EventCountry "BRA"]

1. e4 d6 2. d4 Nf6 3. Nc3 g6 4. f4 Bg7 5. Nf3 O-O 6. Bd3 c5 7. d5 Nfd7 8. O-O
e5 9. f5 Na6 10. a3 Nc7 11. Bg5 f6 12. Be3 a6 13. a4 Rb8 14. h3 b5 15. axb5
axb5 16. g4 c4 17. Be2 g5 18. Kg2 Na6 19. h4 h6 20. hxg5 hxg5 21. Rh1 Kf7 22.
Qd2 Rh8 23. Rxh8 Bxh8 24. Bxg5 Nac5 25. Qe3 b4 26. Nb1 Qg8 27. Bh4 Qxg4+ 28.
Bg3 Qxe4 29. Qxe4 Nxe4 30. Nbd2 Nxg3 31. Kxg3 c3 32. bxc3 bxc3 33. Nc4 Ke7 34.
Rh1 Bg7 35. Rh7 Kf8 36. Nxd6 Nc5 37. Nh4 Kg8 38. Rh5 Bd7 39. Ng6 Rb4 40. Ne7+
Kf8  1/2-1/2

[Event "TORNEIO DE XADREZ DE NATAL - CMIL 2018"]
[Site "AV. RIO BRANCO 251 - 4º ANDAR - CENTRO - RIO DE JANEIRO - RJ"]
[Date "2018.12.04"]
[Round "4"]
[Board "2"]
[White "Wagner S. Morais, "]
[Black "Ronaldo G. Cabral, "]
[Result "1/2-1/2"]
[WhiteElo "2088"]
[BlackElo "2218"]
[PlyCount "38"]
[EventDate "2018.11.22"]
[EventRounds "6"]
[EventCountry "BRA"]

1. e4 Nf6 2. e5 Nd5 3. d4 d6 4. Nf3 Nc6 5. Bc4 Nb6 6. Bd3 Bg4 7. exd6 Qxd6 8.
c3 e6 9. Bg5 Be7 10. Bxe7 Qxe7 11. h3 Bh5 12. g4 Bg6 13. O-O O-O 14. Re1 Rad8
15. Bxg6 hxg6 16. Qe2 Nd5 17. Qe4 Nf6 18. Qe3 Nd5 19. Qe4 Nf6  1/2-1/2

[Event "TORNEIO DE XADREZ DE NATAL - CMIL 2018"]
[Site "AV. RIO BRANCO 251 - 4º ANDAR - CENTRO - RIO DE JANEIRO - RJ"]
[Date "2018.12.04"]
[Round "4"]
[Board "3"]
[White "Juarez A. de C. Lima, "]
[Black "J. Claide T. Barros, "]
[Result "1-0"]
[WhiteElo "2193"]
[BlackElo "1932"]
[PlyCount "49"]
[EventDate "2018.11.22"]
[EventRounds "6"]
[EventCountry "BRA"]

1. e4 e6 2. d4 d5 3. Nc3 Bb4 4. Bd3 c5 5. a3 Qa5 6. axb4 Qxa1 7. dxc5 Ne7 8.
Nf3 Nbc6 9. exd5 Nxd5 10. Nxd5 exd5 11. O-O Be6 12. Ng5 O-O-O 13. Nxe6 fxe6 14.
Qg4 Qa2 15. b5 Ne7 16. Qxe6+ Kb8 17. Qxe7 Qa4 18. h3 Qd4 19. c6 Qb6 20. Bf4+
Ka8 21. Bc7 Rde8 22. Qxe8+ Rxe8 23. Bxb6 axb6 24. c7 h6 25. Ra1#  1-0

[Event "TORNEIO DE XADREZ DE NATAL - CMIL 2018"]
[Site "AV. RIO BRANCO 251 - 4º ANDAR - CENTRO - RIO DE JANEIRO - RJ"]
[Date "2018.12.04"]
[Round "4"]
[Board "4"]
[White "Renato L. de Carvalho, "]
[Black "J. Eudes de Oliveira, "]
[Result "1/2-1/2"]
[WhiteElo "2160"]
[BlackElo "1900"]
[PlyCount "57"]
[EventDate "2018.11.22"]
[EventRounds "6"]
[EventCountry "BRA"]

1. d4 d5 2. e3 Nf6 3. Bd3 c5 4. c3 Nc6 5. f4 Bg4 6. Nf3 e6 7. O-O Rc8 8. Nbd2
cxd4 9. exd4 Bd6 10. Qe1 O-O 11. Ne5 Ne7 12. Ndf3 Bf5 13. Be2 Ng6 14. h3 Nd7
15. Ng5 Nf6 16. h4 h6 17. Nh3 Bxe5 18. dxe5 Nh7 19. Qg3 Qxh4 20. Kh2 Qxg3+ 21.
Kxg3 f6 22. Be3 b6 23. a4 Rf7 24. a5 Rb8 25. axb6 axb6 26. Ra6 Rfb7 27. c4 Ne7
28. Nf2 Nf8 29. Ne4  1/2-1/2

[Event "TORNEIO DE XADREZ DE NATAL - CMIL 2018"]
[Site "AV. RIO BRANCO 251 - 4º ANDAR - CENTRO - RIO DE JANEIRO - RJ"]
[Date "2018.12.04"]
[Round "4"]
[Board "5"]
[White "Jorge Macario, "]
[Black "Jose Henrique Mangini, "]
[Result "1-0"]
[WhiteElo "2025"]
[BlackElo "1800"]
[PlyCount "65"]
[EventDate "2018.11.22"]
[EventRounds "6"]
[EventCountry "BRA"]

1. d4 e6 2. Nf3 d5 3. e3 Bd6 4. Bd3 Nc6 5. c3 Nge7 6. O-O O-O 7. Nbd2 f5 8. Re1
Ng6 9. b3 Nh4 10. Nxh4 Qxh4 11. f4 g5 12. Nf3 Qg4 13. Ne5 Qxd1 14. Rxd1 g4 15.
Nxc6 bxc6 16. a4 c5 17. Ba3 cxd4 18. Bxd6 cxd6 19. cxd4 a5 20. Rdc1 Rb8 21. Bb5
h5 22. Rc7 h4 23. Rac1 g3 24. h3 Ba6 25. Bxa6 Rxb3 26. R7c3 Rb2 27. Bb5 Kg7 28.
Rc7+ Kf6 29. Ra7 Re2 30. Bxe2 e5 31. dxe5+ Ke6 32. Rc6 d4 33. Rxd6#  1-0

[Event "TORNEIO DE XADREZ DE NATAL - CMIL 2018"]
[Site "AV. RIO BRANCO 251 - 4º ANDAR - CENTRO - RIO DE JANEIRO - RJ"]
[Date "2018.12.04"]
[Round "4"]
[Board "6"]
[White "Oscar S. Tiburcio, "]
[Black "Celso J. D. da Silva, "]
[Result "1-0"]
[WhiteElo "1800"]
[BlackElo "1838"]
[PlyCount "63"]
[EventDate "2018.11.22"]
[EventRounds "6"]
[EventCountry "BRA"]

1. e4 e5 2. Nf3 Nc6 3. Bc4 Bc5 4. d3 Nf6 5. O-O O-O 6. Nc3 Bb4 7. Bd2 Bxc3 8.
Bxc3 d6 9. Re1 Bg4 10. Qe2 h6 11. Qe3 Ne7 12. d4 Bxf3 13. Qxf3 Ng6 14. Rad1 Qe7
15. Rd3 Nf4 16. Rdd1 c6 17. dxe5 dxe5 18. Bd2 Ng6 19. Be3 Qb4 20. Bb3 Qxe4 21.
Qxe4 Nxe4 22. Bxh6 Rad8 23. Be3 b6 24. f3 Nd6 25. c3 Kh8 26. Bc2 f5 27. Bg5 Rd7
28. Bb3 Re8 29. Rd2 e4 30. fxe4 fxe4 31. Re3 Re5 32. Rh3+  1-0

[Event "TORNEIO DE XADREZ DE NATAL - CMIL 2018"]
[Site "AV. RIO BRANCO 251 - 4º ANDAR - CENTRO - RIO DE JANEIRO - RJ"]
[Date "2018.12.06"]
[Round "5"]
[Board "1"]
[White "Antonio M. R. Horta, "]
[Black "Wagner S. Morais, "]
[Result "0-1"]
[WhiteElo "2050"]
[BlackElo "2088"]
[PlyCount "68"]
[EventDate "2018.11.22"]
[EventRounds "6"]
[EventCountry "BRA"]

1. e4 c5 2. Nf3 d6 3. c3 Nf6 4. Bc4 Nc6 5. Qe2 Bg4 6. h3 Bxf3 7. Qxf3 a6 8. Bb3
e6 9. d3 Be7 10. Be3 Ne5 11. Qe2 Nc6 12. f4 Na5 13. Bc2 d5 14. O-O d4 15. Bf2
Nc6 16. Nd2 O-O 17. g4 b5 18. g5 Ne8 19. Rae1 e5 20. fxe5 Bxg5 21. Bg3 Be3+ 22.
Kh1 Qg5 23. Bf4 Bxf4 24. Nf3 Qh6 25. Qg2 Bxe5 26. Bb3 Nc7 27. Bd5 Rae8 28. Ng5
Nxd5 29. exd5 Nd8 30. Rf5 f6 31. Ne4 c4 32. cxd4 Bxd4 33. dxc4 bxc4 34. Rd1
Rxe4  0-1

[Event "TORNEIO DE XADREZ DE NATAL - CMIL 2018"]
[Site "AV. RIO BRANCO 251 - 4º ANDAR - CENTRO - RIO DE JANEIRO - RJ"]
[Date "2018.12.06"]
[Round "5"]
[Board "2"]
[White "Ronaldo G. Cabral, "]
[Black "Juarez A. de C. Lima, "]
[Result "1/2-1/2"]
[WhiteElo "2218"]
[BlackElo "2193"]
[PlyCount "81"]
[EventDate "2018.11.22"]
[EventRounds "6"]
[EventCountry "BRA"]

1. e4 e6 2. d4 d5 3. e5 c5 4. dxc5 Bxc5 5. Nf3 h6 6. Bd3 Nc6 7. O-O Nge7 8. Nc3
a6 9. a3 Nf5 10. Bxf5 exf5 11. Qxd5 Qe7 12. Re1 Be6 13. Qd3 Rd8 14. Qe2 b5 15.
Be3 O-O 16. Bxc5 Qxc5 17. Qe3 Qxe3 18. Rxe3 Nd4 19. Nxd4 Rxd4 20. Rd3 Rxd3 21.
cxd3 Rd8 22. Rd1 Rd4 23. Ne2 Rd8 24. d4 a5 25. b4 axb4 26. axb4 Bb3 27. Rd2 Bc4
28. Nc3 g5 29. f4 Ra8 30. Rd1 Kf8 31. d5 Ra3 32. d6 Ke8 33. Nd5 gxf4 34. Nf6+
Kd8 35. Nd5 f3 36. gxf3 Rxf3 37. Nb6 Ra3 38. Nxc4 bxc4 39. Rb1 c3 40. b5 Kd7
41. h4  1/2-1/2